| Поле | Инд. | ПП | Название | Значение |
|---|---|---|---|---|
| Тип записи | a | |||
| Библиографический уровень | m | |||
| 001 | Контрольный номер | 356f74aa03714f70baf08a82c3c1718d | ||
| 005 | Дата корректировки | 20260602145852.0 | ||
| 020 | a | ISBN | 978-5-534-18808-0 | |
| 040 | b | Код языка каталог. | rus | |
| e | Правила каталог. | PSBO | ||
| 041 | 0_ | a | Код языка текста | rus |
| 080 | a | Индекс УДК | 33(075.8) | |
| 097 | b | Оператор | *Ви* | |
| 100 | 1_ | a | Автор | Чеберко Е.Ф. |
| 245 | 10 | a | Заглавие | Основы предпринимательской деятельности |
| b | Продолж. заглавия | учебник и практикум для СПО | ||
| b | Продолж. заглавия | в составе учебно-методического комплекса | ||
| 250 | a | Основные сведения об издании | 2-е изд. | |
| 260 | a | Место издания | Москва | |
| b | Издательство | Юрайт | ||
| c | Дата издания | 2026 | ||
| 300 | a | Объем | 458 с. | |
| 440 | _0 | a | Серия | Профессиональное образование |
| 440 | _0 | a | Серия | УМК-У |
| 516 | 8_ | a | Прим. о типе комп. файла/ данных | Текст : электронный |
| a | Прим. о типе комп. файла/ данных | Режим доступа: по подписке | ||
| a | Прим. о типе комп. файла/ данных | Дата обращения: 02.03.2026 | ||
| 520 | 0_ | a | Аннотация | В курсе использован комплексный подход к изучению феномена предпринимательской деятельности. Рассмотрены три взаимосвязанных, но относительно самостоятельных ее компонента: собственно хозяйственная деятельность, которая всегда связана с удовлетворением общественных потребностей; собственно предпринимательская деятельность как одна из общественных форм, в которых хозяйственная деятельность может осуществляться, и развитие этих двух сторон в исторической динамике. В конце каждой темы помещен практикум, состоящий из разнообразных заданий, работа над которыми поможет студенту лучше подготовиться к зачетам и экзаменам. |
| 535 | 1_ | a | Хранилище | Образовательная платформа Юрайт |
| 583 | a | Действие | Приписка : УМК | |
| 653 | 0_ | a | Ключевые слова | Предпринимательская деятельность |
| a | Ключевые слова | Теория предпринимательства | ||
| a | Ключевые слова | Хозяйственная деятельность | ||
| a | Ключевые слова | СПО | ||
| 773 | 18 | w | Контрольный № источника | 0a25d4e0e94547afa5317d98df913d22 |
| 856 | 40 | u | URL | https://urait.ru/bcode/598918 |
| 901 | t | Тип документа | m | |
| 905 | b | Дата создания записи обработка | 11.03.26 | |
| c | Дата приписки | 02.06.26 | ||
| 952 | b | Гриф литературы для ВШ | Гриф УМО СПО |